Tractatus de privilegiis creditorum resolutione et extinctione iuris hypothecarum constituti in bonis per communem debitorem legitimè acquisitis seu possessis, in quo universa creditorum materia sub quinque regulis per ampliationes, limitationes, & intelligentias, gradatim & ab ordine literae ingeniose comprehensa, clara & eleganti methodo distinguitur, latè discutitur, fideliter absoluitur

Detalles Bibliográficos
Autor principal: Acosta, Nonnius s. XVII
Formato: Libro
Lenguaje:Latin
Publicado: Gadibus 1645
Materias:
Colección:Banco de datos
Acervo:Biblioteca Pública Central del Estado de Durango. Lic. José Ignacio Gallegos Caballero. Colección José Fernando Ramírez
Descripción Física:[6], 286, [14] h. f°
Tema general:Derecho civil
Notas:Portada con pleca y viñeta en grabado xilográfico. Texto a dos columnas. Encuadernación en cartón con lomo en piel. Ex libris manuscrito en la portada: "Lic Velasco". Sello en tinta de José Fernando Ramírez. Sello en tinta de la Biblioteca Pública del Estado de Durango
LEADER 01317nam a22001810004500
035 |a 768 
041 0 |a lat 
100 1 |a Acosta, Nonnius  |d s. XVII 
245 1 0 |a Tractatus de privilegiis creditorum resolutione et extinctione iuris hypothecarum constituti in bonis per communem debitorem legitimè acquisitis seu possessis, in quo universa creditorum materia sub quinque regulis per ampliationes, limitationes, & intelligentias, gradatim & ab ordine literae ingeniose comprehensa, clara & eleganti methodo distinguitur, latè discutitur, fideliter absoluitur  |c authore Nonio Acosta iureconsulto lusitano in Praetorio hispalensi olim causarum patrono 
260 |a Gadibus  |b excudebat Ferdinandus Rey  |c 1645 
300 |a [6], 286, [14] h.  |c f° 
500 |a Portada con pleca y viñeta en grabado xilográfico. Texto a dos columnas. Encuadernación en cartón con lomo en piel. Ex libris manuscrito en la portada: "Lic Velasco". Sello en tinta de José Fernando Ramírez. Sello en tinta de la Biblioteca Pública del Estado de Durango 
504 |a Índice de todas las cosas y sentencias notables 
650 1 0 |a Derecho civil 
949 |a CR. 1583 
942 |c DURANRAM 
943 |g Biblioteca Pública Central del Estado de Durango. Lic. José Ignacio Gallegos Caballero. Colección José Fernando Ramírez 
999 |c 1077698  |d 1077698